<?xml version="1.0" encoding="UTF-8"?>
<record
    xmlns:xsi="http://www.w3.org/2001/XMLSchema-instance"
    xsi:schemaLocation="http://www.loc.gov/MARC21/slim http://www.loc.gov/standards/marcxml/schema/MARC21slim.xsd"
    xmlns="http://www.loc.gov/MARC21/slim">

  <leader>00802nam a22001937a 4500</leader>
  <datafield tag="999" ind1=" " ind2=" ">
    <subfield code="c">164290</subfield>
    <subfield code="d">164290</subfield>
  </datafield>
  <controlfield tag="005">20190515154722.0</controlfield>
  <datafield tag="010" ind1=" " ind2=" ">
    <subfield code="a">UR-10125</subfield>
  </datafield>
  <datafield tag="020" ind1=" " ind2=" ">
    <subfield code="c">100.00</subfield>
    <subfield code="a">9789386624956</subfield>
  </datafield>
  <datafield tag="035" ind1=" " ind2=" ">
    <subfield code="a">U-8680</subfield>
  </datafield>
  <datafield tag="037" ind1=" " ind2=" ">
    <subfield code="b">DBAD/PUB</subfield>
  </datafield>
  <datafield tag="082" ind1=" " ind2=" ">
    <subfield code="a">841</subfield>
  </datafield>
  <datafield tag="100" ind1=" " ind2=" ">
    <subfield code="a">&#x67E;&#x631; &#x648; &#x641;&#x64A;&#x633;&#x631; &#x639;&#x627; &#x634;&#x642; &#x6C1;&#x631; &#x6AF;&#x627; &#x646;&#x648; &#x6CC; </subfield>
  </datafield>
  <datafield tag="245" ind1=" " ind2=" ">
    <subfield code="a">&#x646;&#x64A;&#x648; &#x64A;&#x627; &#x631; &#x6A9; &#x645;&#x64A;&#x6BA; &#x627; &#x631; &#x62F; &#x648; &#x63A;&#x632; &#x644; &#x645;&#x627; &#x645;&#x648; &#x646; &#x627;&#x64A;&#x645;&#x646; &#x6A9;&#x6D2; &#x62D;&#x648; &#x627; &#x644;&#x6D2; &#x633;&#x6D2;  </subfield>
    <subfield code="c">&#x67E;&#x631; &#x648; &#x641;&#x64A;&#x633;&#x631; &#x639;&#x627; &#x634;&#x642; &#x6C1;&#x631; &#x6AF;&#x627; &#x646;&#x648; &#x6CC;</subfield>
  </datafield>
  <datafield tag="246" ind1=" " ind2=" ">
    <subfield code="b">&#x200F;New York mein Urdu Ghazal:Mamoon Aiman Ke Hawale se (Urdu)</subfield>
    <subfield code="a">by Prof.Manazir Harganvi</subfield>
  </datafield>
  <datafield tag="260" ind1=" " ind2=" ">
    <subfield code="a"> Delhi</subfield>
    <subfield code="b">Educational Publishing House</subfield>
    <subfield code="c">2017 &#x621;  </subfield>
  </datafield>
  <datafield tag="270" ind1=" " ind2=" ">
    <subfield code="a">3191&#x60C;Vakil Street,Kucha Pandit,Lal Kuan,</subfield>
    <subfield code="b">Delhi</subfield>
    <subfield code="e">110006</subfield>
    <subfield code="k">23216162</subfield>
    <subfield code="l">00911123211540</subfield>
  </datafield>
  <datafield tag="300" ind1=" " ind2=" ">
    <subfield code="a">72&#x635;</subfield>
    <subfield code="c">22 Cm.(bk)     </subfield>
  </datafield>
  <datafield tag="942" ind1=" " ind2=" ">
    <subfield code="2">ddc</subfield>
    <subfield code="c">UR</subfield>
    <subfield code="h">841.947</subfield>
    <subfield code="m">&#x6C1; &#x631; &#x6AF;</subfield>
  </datafield>
  <datafield tag="952" ind1=" " ind2=" ">
    <subfield code="0">0</subfield>
    <subfield code="1">0</subfield>
    <subfield code="4">0</subfield>
    <subfield code="7">1</subfield>
    <subfield code="8">NFIC</subfield>
    <subfield code="a">DBAD</subfield>
    <subfield code="b">DBAD</subfield>
    <subfield code="d">2019-05-15</subfield>
    <subfield code="e">DBAD/PUB</subfield>
    <subfield code="g">100.00</subfield>
    <subfield code="l">0</subfield>
    <subfield code="o">841.947 &#x6C1; &#x631; &#x6AF;</subfield>
    <subfield code="p">U-8680</subfield>
    <subfield code="r">2019-05-15 00:00:00</subfield>
    <subfield code="t">1</subfield>
    <subfield code="v">100.00</subfield>
    <subfield code="w">2019-05-15</subfield>
    <subfield code="y">UR</subfield>
  </datafield>
</record>
